| 000 | 00484cam a22001932 4500 | ||
|---|---|---|---|
| 001 | 0000002814 | ||
| 005 | 20151217151905.0 | ||
| 008 | 070420s xx 000 0 eng d | ||
| 020 | _a0486277852 : | ||
| 040 |
_aKABU _cKABU |
||
| 050 | 0 |
_aPS3505 _b.A8702 |
|
| 100 | 1 |
_aCather, Willa. _@0000152327 |
|
| 245 | 1 | 2 | _aO Pioneers!. |
| 260 |
_aNew York : _bDover, _c1993. |
||
| 300 | _a121 p. | ||
| 908 | _a070420 | ||
| 950 | _@1 | ||
| 999 |
_c6029 _d6029 |
||